00521nam a22001577a 450000500170000001000150001702000250003203500130005703700130007008200110008310000180009424501540011226000400026627000300030630000270033620100823122425.0 aENG-101291 c35.00a9788178235325 aEN-84824 bDBAD/PUB a181.45 aBhaskarananda aThe philosophical verses of yogavasishtha :cby Swami Bhaskaranandaban english translation of yogavasishtha-sara with commentary and sanskrit text / aChennaibSri Ramakrishna mathc2009 aMylaporebChennaie600004 aviii, 92p.c19cm (pbk)